[Event "RUS-The World"]
[Site "Moscow"]
[Date "2002.09.09"]
[Round "3"]
[White "Ponomariov, Ruslan"]
[Black "Zvjaginsev, Vadim"]
[Result "1-0"]
[WhiteElo "2743"]
[BlackElo "2673"]
[Annotator "Mueller,Karsten"]
[PlyCount "47"]
[EventDate "2002.09.08"]
[EventType "schev (rapid)"]
[EventRounds "10"]
[EventCountry "RUS"]
[SourceTitle "CBM 091"]
[Source "ChessBase"]
[SourceDate "2002.11.12"]
[SourceVersion "1"]
[SourceVersionDate "2002.11.12"]
[SourceQuality "1"]
[WhiteTeam "The World"]
[BlackTeam "Russia"]
[BlackTeamCountry "RUS"]

1. e4 {Ftacnik} c5 2. Nf3 e6 3. d4 cxd4 4. Nxd4 Nc6 5. Nc3 a6 6. Be2 d6 {
Schwarz stellt Sf6 lange zurück, um dem Keresangriff (Plan g2-g4-g5) möglichst
aus dem Weg zu gehen.} 7. Be3 Nf6 8. f4 Be7 9. g4 (9. Qd2 Nxd4 (9... Bd7 10.
Bf3 Qc7 11. O-O-O Na5 $132 {1-0 Overeem,M-Molenaar,J/Haarlem NED 2001/The Week
in Chess 350 (43). (42)}) 10. Qxd4 b5 $6 11. a4 $1 bxa4 12. Rxa4 O-O 13. O-O
Rb8 14. b3 $14 {1/2-1/2 Short,N-Sokolov,A/Montpellier 1985/CAND (75)}) 9... d5
$5 {Schwarz folgt der Regel, dass ein Flankenangriff meist durch einen
Gegenschlag im Zentrum beantwortet werden sollte.} 10. e5 Nd7 11. g5 {Ftacnik:
'The first independent decision in the game is stemming from the fear, that
the opponent might sucessfully compromise central pawns with the move g7-g5. '}
Nxd4 12. Qxd4 h6 $6 {Vadim Zvjaginsev beginnt, mit dem Feuer zu spielen.} (
12... b5 $5 13. O-O-O b4 14. Na4 Qa5 15. b3 Bb7) (12... Bc5 {Ftacnik} 13. Qd2
Bxe3 14. Qxe3 b5 15. O-O-O Qa5 16. a3 b4 17. axb4 Qxb4 $11) 13. g6 Bh4+ $6 {
Der Läufer steht hier nicht günstig.} ({Sofortiges} 13... f6 {scheint mir
genauer zu sein.}) 14. Kd2 fxg6 $6 {Ftacnik: 'This move belongs to the secondd
rate strategic solutions, much sounder impression makes the attack against
white center with the move 14...f6!? ' dies eröffnet Weiß eine klare
Angriffsfront am Königsflügel, und es dauert nicht mehr lange bis der Sturm
losbricht.} (14... f6 {oder}) (14... f5 {waren besser. Die schwarze Stellung
ist allerdings auch dann wenig vertrauenerweckend.}) (14... O-O $6 15. gxf7+
Rxf7 16. Bh5 Rf8 17. Rag1 $40) 15. Rhg1 Nf8 16. Bd3 g5 (16... Kf7 17. Rg4 h5
18. Rg2 $16) 17. Raf1 Bd7 18. Kc1 Qe7 (18... gxf4 $2 19. Rxg7 fxe3 20. Qf4 $18)
19. f5 Bc6 20. f6 (20. fxe6 $5 Qxe6 (20... Nxe6 21. Bg6+ Kd8 22. Qb6+ Qc7 23.
Rf7 Qxb6 24. Bxb6+ Kc8 25. Bf5 $18) 21. Bf5 Qe7 22. Nxd5 $40) 20... gxf6 21.
Rxf6 O-O-O 22. Rgf1 Be8 $2 {Ftacnik: 'Coordination of black pieces is clearly
horrible after this passive retreat, Ponomariov will decide the game with the
swift aggression.'} (22... Qc7 23. Qb4 Qxe5 24. Bd4 a5 25. Qb6 (25. Bxe5 $2
axb4 26. Rf7 Nd7 27. Bxh8 Rxh8 28. Nb5 $13) 25... Nd7 26. Qxd8+ Rxd8 27. Bxe5
Nxe5 28. Rxe6 $16) 23. Qa7 $1 $18 g4 24. Bxa6 (24. Bxa6 Bc6 (24... bxa6 25.
Qxe7 $18) 25. Rf7 $18) 1-0

[Event "RUS-The World"]
[Site "Moscow"]
[Date "2002.09.10"]
[Round "8"]
[White "Ponomariov, Ruslan"]
[Black "Morozevich, Alexander"]
[Result "1/2-1/2"]
[WhiteElo "2743"]
[BlackElo "2716"]
[Annotator "Huzman,A"]
[PlyCount "78"]
[EventDate "2002.09.08"]
[EventType "schev (rapid)"]
[EventRounds "10"]
[EventCountry "RUS"]
[SourceTitle "CBM 091"]
[Source "ChessBase"]
[SourceDate "2002.11.12"]
[SourceVersion "1"]
[SourceVersionDate "2002.11.12"]
[SourceQuality "1"]
[WhiteTeam "The World"]
[BlackTeam "Russia"]
[BlackTeamCountry "RUS"]

1. e4 e5 2. Nf3 Nf6 3. d4 Nxe4 4. Bd3 d5 5. Nxe5 Nd7 6. Nxd7 Bxd7 7. O-O Bd6 8.
c4 c6 9. cxd5 cxd5 10. Nc3 Nxc3 11. bxc3 O-O 12. Qh5 f5 13. Re1 Qc7 14. Bd2
Rae8 15. g3 $1 $146 {It is a strong prophylactic move.} (15. Bc2 g6 16. Qf3 Re4
$1 17. g3 Bb5 18. Bf4 Bxf4 19. gxf4 Qd6 20. Bxe4 fxe4 21. Qg3 Rxf4 22. Rab1 Bd7
23. f3 b6 $44 {0-1 Svidler,P-Ponomariov,R/Moscow 2001/CBM 86/[Ftacnik] (44)})
15... g6 16. Qf3 Re4 {This sacrifise is analogous to that one from the game
Svidler,P-Ponomariov,R but now Ponomariov is ready to show refutation of his
idea.} 17. Rec1 $1 {[%cal Gc3c4]} b5 18. a4 a6 (18... bxa4 19. Bxe4 dxe4 (19...
fxe4 20. Qe2 {[%cal Gc3c4]} Rc8 21. c4 dxc4 22. Qxe4 $16) 20. Qe2 $16 {[%cal
Gc3c4]}) 19. Bh6 Rc8 20. Bxe4 dxe4 21. Qe3 $1 {[%cal Gh6f4]} Qc4 22. axb5 Bxb5
23. Bf4 $16 Bf8 24. Be5 h6 25. g4 Qe6 26. gxf5 Qxf5 27. Qf4 (27. Rab1 $5) 27...
Kf7 28. c4 $2 Qxf4 29. Bxf4 Rxc4 30. d5 Rd4 $1 $11 31. Rd1 Rd3 32. Rxd3 exd3
33. Bd2 Bc4 34. Ra4 Bxd5 35. Rxa6 Be4 36. Ra4 Bf5 37. Kg2 h5 38. Bg5 Ke6 39.
Kf3 Bd6 1/2-1/2

[Event "RUS-The World"]
[Site "Moscow"]
[Date "2002.09.11"]
[Round "9"]
[White "Kasparov, Garry"]
[Black "Ponomariov, Ruslan"]
[Result "1/2-1/2"]
[WhiteElo "2838"]
[BlackElo "2743"]
[Annotator "Wedberg,T"]
[PlyCount "53"]
[EventDate "2002.09.08"]
[EventType "schev (rapid)"]
[EventRounds "10"]
[EventCountry "RUS"]
[SourceTitle "CBM 091"]
[Source "ChessBase"]
[SourceDate "2002.11.12"]
[SourceVersion "1"]
[SourceVersionDate "2002.11.12"]
[SourceQuality "1"]
[WhiteTeam "Russia"]
[BlackTeam "The World"]
[WhiteTeamCountry "RUS"]

1. e4 e5 2. Nf3 Nc6 3. Bb5 a6 4. Ba4 Nf6 5. O-O Be7 6. Re1 b5 7. Bb3 d6 8. c3
O-O 9. h3 Na5 10. Bc2 c5 11. d4 Nd7 12. b3 {A semi-waiting move, keeping the
possibility to play Nc3 instead of Nbd2 later. But it also weakens the long
diagonal from f6 to a1, so it isn´t risk free.} cxd4 $5 {Ponomariov goes for
active play in the centre. An interesting choice given the slightly weakening
move b3. Black had an assortment of choices here:} (12... exd4 13. cxd4 Nc6 14.
Nc3 (14. d5 Nb4 15. Nc3 Bf6 16. Bb2 Nxc2 17. Qxc2 $11 {1/2-1/2 Stein,L-Tal,M/
Moscow 1964/EXT 2000 (19)}) 14... Bf6 15. Be3 cxd4 16. Nxd4 Nxd4 17. Bxd4 Bb7
$11 {1/2-1/2 Stein,L-Darga,K/Amsterdam 1964/IZT (32)}) (12... Rb8 13. Bb2 Nc6
14. d5 Na7 15. a4 bxa4 16. Rxa4 c4 $13 {0-1 Vitolinsh,A-Romanishin,O/Jurmala
1983/MCD (44)}) (12... Qc7 13. Bb2 Bf6 14. d5 Nb6 15. Nbd2 g6 16. Qe2 c4 17.
Ba3 Bd7 18. Bb4 cxb3 19. axb3 Nb7 $13 {1/2-1/2 Zhang Zhong-Peng Xiaomin/
Shanghai 2001/CBM 85 (27)}) 13. cxd4 Nc6 14. Nc3 exd4 {[%mdl 8]} (14... Nb4 15.
Bb2 {allowing the exchange of Bc2 makes life easier for Black.} (15. Bb1 $142 {
and it´s not clear what Black accomplished with his last move.}) 15... Nxc2 16.
Qxc2 Bb7 17. d5 Rc8 18. Qd3 Nc5 19. Qd2 b4 20. Nd1 a5 $15 {0-1 Siveri,A-Paoli,
E/Reggio Emilia 1962/EXT 2000 (32). (32)}) 15. Nd5 $1 (15. Nxd4 $2 Nxd4 16.
Qxd4 Bf6 $36) 15... Nde5 16. Nxd4 Nxd4 17. Qxd4 {This pawn formation occurs
regularly in the closed Ruy Lopez. At first sight it might look clearly
advantageous for White. Black seems to have no compensation for the weak d6-P.
But practise has shown that it´s not so simple to prove this advantage. One
reason is that Black has free play for his pieces. Another is the more subte
fact that the e4-P is a weaknes too. True, White can protect it with f3, but
then his K-side looks like a swiss cheese with P-s on f3 and h3. So one could
claim that the P on h3 actually weakens e4.} Bf6 18. Kh1 (18. Nxf6+ Qxf6 {
[%cal Yc8h3,Re5f3,Yf6d4]} 19. Kh1 Qh4 {with lots of activity for Black.}) 18...
Bxh3 {[%mdl 512] A bold strike. Is it correct? I don´t think so.} (18... Re8
$142 {[%cal Yc8b7,Ya8c8]}) 19. gxh3 Qc8 {[%cal Yc8c2,Yc8h3] This is the
justification. Black gets the material back.} 20. Nxf6+ gxf6 21. Rg1+ (21. Bd1
$2 Qxh3+ 22. Kg1 Kh8 $1 23. Bf4 Rg8+ 24. Bg3 Rxg3+ 25. fxg3 Qxg3+ 26. Kf1 Rg8
$19) (21. Qe3 Qxc2 22. Ba3 {White´s B is better than Black´s N.} Qd3 23. Qxd3
Nxd3 24. Re3 $16) 21... Kh8 22. Qe3 (22. Rg3 Qxc2 23. Ba3 Rg8 $13) 22... Qxc2
23. Qf4 $1 $16 {Kasparov hits the weak spot in Black´s position - f6. White is
clearly better and Black must start defending.} (23. Ba3 Nd3 24. Raf1 Rg8 $132)
23... Nd7 24. Qf5 Rg8 25. Be3 d5 $5 {Ponomariov is an expert in finding tricky
defending moves. Just remember his miraculous escapes against Ivanchuk in the
World Championship. But this move doesn´t change anything, it´s just a trick.}
26. Qxd7 $2 {Accepting a draw in a very good position is unusual for the
fighter Kasparov. Perhaps the prestige of the encounter got to him.} (26. Qxd5
$1 Rae8 (26... Ne5 27. Bg5 $1 {Not the only good move, but a nice way to
increase the advantage.} Nd7 28. Bh6 $1 {[%csl Rh8][%cal Rh6g7,Yd5a8]} Rad8 29.
Rxg8+ Rxg8 30. Rg1 Rxg1+ 31. Kxg1 Qc8 32. Qxf7 $18) (26... Rad8 27. Rac1 Qe2
28. Qf5 {Black is all tied up and will soon lose.}) 27. Rxg8+ Rxg8 28. Rc1 Qe2
29. Qd1 Qxd1+ 30. Rxd1 $16) 26... Qxe4+ 27. Kh2 1/2-1/2

[Event "Olympiad-35"]
[Site "Bled"]
[Date "2002.10.27"]
[Round "2.1"]
[White "Ponomariov, Ruslan"]
[Black "Kasimdzhanov, Rustam"]
[Result "1/2-1/2"]
[WhiteElo "2743"]
[BlackElo "2653"]
[PlyCount "72"]
[EventDate "2002.10.26"]
[EventType "team-swiss"]
[EventRounds "14"]
[EventCountry "SLO"]
[SourceTitle "EXT 2003"]
[Source "ChessBase"]
[SourceDate "2002.11.25"]
[SourceVersion "1"]
[SourceVersionDate "2002.11.25"]
[SourceQuality "1"]
[WhiteTeam "Ukraine"]
[BlackTeam "Uzbekistan"]
[WhiteTeamCountry "UKR"]
[BlackTeamCountry "UZB"]

1. e4 c5 2. Nf3 d6 3. d4 cxd4 4. Nxd4 Nf6 5. Nc3 e6 6. g4 h6 7. h3 Nc6 8. Be3
a6 9. Bg2 Qc7 10. f4 Bd7 11. Nb3 Be7 12. h4 h5 13. g5 Ng4 14. Bg1 b5 15. a3 b4
16. axb4 Nxb4 17. Qd2 Rb8 18. Bf3 e5 19. Bxg4 Bxg4 20. Be3 exf4 21. Bxf4 Qc4
22. Na5 Qc5 23. Qf2 Qxf2+ 24. Kxf2 Nxc2 25. Ra4 Nb4 26. Nc4 O-O 27. Kg3 Rfd8
28. Ne3 Be6 29. Rh2 Bf8 30. Rd2 g6 31. Rd4 Nc6 32. Rd2 Nb4 33. Rd4 a5 34. Rd2
Ra8 35. Ra1 Bg7 36. Nb5 a4 1/2-1/2

[Event "Benidorm Bali"]
[Site "Benidorm"]
[Date "2002.11.29"]
[Round "1"]
[White "Ponomariov, Ruslan"]
[Black "Granero Roca, Antonio"]
[Result "1-0"]
[WhiteElo "2743"]
[BlackElo "2342"]
[Annotator "Lukacs,P"]
[PlyCount "113"]
[EventDate "2002.11.29"]
[EventType "tourn (rapid)"]
[EventRounds "11"]
[EventCountry "ESP"]
[EventCategory "13"]
[SourceTitle "CBM 093"]
[Source "ChessBase"]
[SourceDate "2003.04.01"]
[SourceVersion "1"]
[SourceVersionDate "2003.04.01"]
[SourceQuality "1"]

1. e4 {[%mdl 32]} c6 2. d4 d5 3. Nc3 dxe4 4. Nxe4 Bf5 5. Ng3 Bg6 6. h4 h6 7.
Nf3 Nd7 8. h5 Bh7 9. Bd3 Bxd3 10. Qxd3 Qc7 11. Bd2 e6 12. O-O-O O-O-O 13. Kb1 (
13. Ne4 Ngf6 14. g3 {is the well-analyzed main line.}) 13... Ngf6 14. c4 Bd6
15. Ne4 Nxe4 (15... Bf4 {Black wants to exploit the absence of g3.} 16. Nxf6
Nxf6 17. Bc3 {It is better to avoid the exchange of bishops, the white one has
a bright future on the long /^.} Qe7 18. Qe2 Bd6 19. Ne5 {/\ f4, g4 advancing
the pawns on the >>.} Rhe8 20. f4 Nd7 21. Rh3 f6 {White has provoked this
weakening move.} 22. Ng6 Qf7 23. Re3 c5 24. b3 cxd4 25. Bxd4 Bc5 26. Red3 Bxd4
27. Rxd4 $14 {Sulskis-Burmakin, St Petersburg 1995}) 16. Qxe4 Nf6 17. Qe2 Rhe8
(17... c5 $142 {immediately looks more to the point.} 18. Bc3 cxd4 (18... Qc6
$6 {runs into} 19. d5 $1 exd5 20. Bxf6 gxf6 21. Rxd5 {This P structure clearly
favours White.} Bc7 22. Qd3 Rxd5 23. cxd5 {/\ Nh4-f5} Qd7 24. Nh4 $16 {
Lazic-Ristic, JUG-chT Vrnjacka Banja 1999}) (18... Rhe8 {- 17...Rhe8}) 19. Nxd4
(19. Bxd4 Bc5 {It is already an achievement for Black if he can exchange the B.
} 20. Bxc5 Qxc5 21. Ne5 Nd7 $1 (21... Qc7 22. f4 Rxd1+ 23. Rxd1 Rd8 24. a3 a6
25. g4 Rxd1+ 26. Qxd1 Ne8 27. Qd4 $14 {is a typical example for a slightly
better _|_, Dvoirys-Burmakin, Graz op 1994.}) 22. Rxd7 Rxd7 23. Nxd7 Kxd7 24.
Rd1+ Kc8 {Here White has no advantage at all.} 25. Qd3 (25. Qf3 Qc7 26. b3 Rd8
$11) 25... Qxh5 26. Qd7+ Kb8 27. Qd6+ Kc8 28. Qd7+ Kb8 {1/2:1/2 Mohrlok-Fuchs,
Varna ol (Men) 1962}) 19... a6 20. g3 Rd7 21. Nb3 {/\ Ba5 provoking another
weakness.} Rhd8 22. Ba5 b6 23. c5 {(Loeffler-Claverie, Besancon 1998)} bxa5 24.
cxd6 Qb6 25. Rd4 (25. Nc5 Rxd6 $11) 25... Rxd6 26. Rc1+ Kb8 27. Rxd6 Rxd6 28.
Qe5 $14) 18. Bc3 c5 19. Ne5 cxd4 (19... Kb8 {allows White to strengthen his
position by} 20. f4 $14) (19... Bxe5 20. dxe5 Rxd1+ 21. Rxd1 {White has a big
space advantage here, and the N has no good squares.} Nd7 22. Rd6 Nb6 23. b3
$14) 20. Bxd4 Bxe5 21. Bxe5 Qc6 22. g4 {This is the typical plan here.} (22.
Bxf6 $5 gxf6 23. Qe3 {deserved attention with only a minimal _|_ advantage for
White.} (23. g3 f5) 23... Qxg2 24. Rdg1 Qc6 25. Qxh6 $14 {Kalka-Kuhnen,
Sparkassen op-A 2000}) 22... Rxd1+ ({Forcing matters by} 22... Qe4+ 23. Qxe4
Nxe4 {may lead to a slightly better _|_ for White:} 24. Rxd8+ (24. Bd4 $143 e5
25. Be3 (25. Bxa7 Nd2+ 26. Ka1 Nxc4 27. b3 (27. Rxd8+ Rxd8 28. Rc1 b5 29. b3
Kb7 30. bxc4 Kxa7 31. cxb5 Kb6 $11) 27... Na5 28. Bb6 Rxd1+ 29. Rxd1 Nc6 $11)
25... Nf6 $11) (24. Bxg7 Nxf2 25. Rxd8+ Rxd8 {- 24.Rxd8}) (24. f3 Nd2+ 25. Rxd2
(25. Kc2) 25... Rxd2 26. Bxg7 Rf2 $11) 24... Rxd8 25. Bxg7 Nxf2 26. Rg1 $14)
23. Rxd1 Rd8 (23... Qe4+ $2 {is now clearly worse.} 24. Qxe4 Nxe4 25. f3 $16)
24. Re1 $5 {White usually keeps his R hoping that he can neutralize the
pressure on the d <->.} (24. Rxd8+ Kxd8 25. f3 $14) 24... Ne8 25. f4 f6 {
Now many pawns are fixed on the colour of the B, always a breakthrough g4-g5
is hanging in the air.} 26. Bc3 Nc7 27. b3 Rd7 28. a4 Qd6 29. Qe3 Qd3+ {
White is usually happy with the exchange of queens, because his small
advantage in the _|_ is the main idea of this entire system.} (29... Kb8 30.
Kb2 $14) (29... Qa3 30. Bb2 Qb4 31. g5 $1 {clearing the long /^ for the B.}
hxg5 32. fxg5 fxg5 (32... e5 33. h6 $16) 33. Rg1 $16) 30. Kb2 b6 31. Qxd3 Rxd3
32. g5 $1 Rh3 (32... Rf3 {was the real alternative!} 33. gxh6 gxh6 34. Bxf6
Rxf4 35. Bg7 (35. Be5 Rf5 36. Bxc7 Kxc7 37. Rxe6 Rxh5 38. Re7+ Kb8 {is only a
drawish R _|_.}) 35... Rf5 36. Bxh6 (36. Rh1 Ne8) 36... Rxh5 37. Bf4 $14 {
with light pieces on the board White has some hopes.}) 33. gxf6 gxf6 34. Bxf6
Rxh5 35. Rd1 Na6 36. Rd8+ Kc7 37. Ra8 Kb7 38. Re8 Nc5 39. Re7+ Kc6 $2 {This is
the real blunder!} (39... Ka8 $1 {was probably still enough for a draw, for
example:} 40. Be5 (40. a5 Rh2+ 41. Ka3 Rh3) 40... Nd3+ 41. Kc3 Nxe5 42. fxe5
Rxe5 43. Kd4 Re1) 40. Rxa7 $18 {Now White will win the _|_ on the <<.} Rh2+ 41.
Ka3 Rh3 42. Be5 $1 Nb7 43. Kb2 Rh2+ 44. Ka3 Rh3 {[#]} 45. a5 $1 {This is a
very nice breakthrough clearing the way for the K.} bxa5 46. Ka4 Rh2 (46... Kb6
47. Bd4+ Kc7 48. Ra6 Rd3 49. Be5+ Kd7 50. Rb6 Nc5+ 51. Kb5 $1 Nxb3 52. Rb7+ (
52. c5 Rd5 $1) 52... Kc8 53. Rh7 $18) (46... h5 47. Ra6+ Kd7 48. Rb6 Nc5+ 49.
Kb5 $1 Nxb3 (49... Nd3 50. Rb7+ $18) 50. c5 $18) 47. Ra6+ Kd7 48. Rb6 Nc5+ 49.
Kxa5 Ra2+ 50. Kb4 Nd3+ 51. Kb5 Nxe5 52. fxe5 Re2 53. Rb7+ Kc8 54. Rh7 Rxe5+ 55.
c5 h5 56. Kc6 Kd8 57. b4 1-0

[Event "Benidorm Bali"]
[Site "Benidorm"]
[Date "2002.11.29"]
[Round "4"]
[White "Ponomariov, Ruslan"]
[Black "Polgar, Judit"]
[Result "0-1"]
[WhiteElo "2743"]
[BlackElo "2685"]
[Annotator "Ftacnik,L"]
[PlyCount "76"]
[EventDate "2002.11.29"]
[EventType "tourn (rapid)"]
[EventRounds "11"]
[EventCountry "ESP"]
[EventCategory "13"]
[SourceTitle "CBM 093"]
[Source "ChessBase"]
[SourceDate "2003.04.01"]
[SourceVersion "1"]
[SourceVersionDate "2003.04.01"]
[SourceQuality "1"]

1. e4 c5 2. Nf3 d6 3. d4 cxd4 4. Nxd4 Nf6 5. Nc3 a6 6. Be3 Ng4 7. Bg5 h6 8. Bh4
g5 9. Bg3 Bg7 10. h3 Nf6 11. Qe2 $5 {Ponomariov is comming with the whole new
concept of treating this famous position. The queen sits more naturally on e2
than on f3.} Nc6 12. Nxc6 bxc6 13. e5 dxe5 14. Bxe5 O-O 15. h4 (15. g3 Be6 16.
Bg2 Qb6 17. O-O-O Rad8 18. f4 $14) 15... g4 $1 16. g3 Qb6 17. O-O-O Be6 18. Bg2
Rfd8 19. Rhe1 (19. f3 Qa5 20. Rxd8+ Rxd8 21. fxg4 Bxg4 22. Qe3 Be6 $15) 19...
h5 20. b3 (20. f3 $1 Qa5 21. Rxd8+ Rxd8 22. fxg4 Bxg4 23. Qe3 $14) 20... Rac8
21. Na4 Rxd1+ 22. Rxd1 Qb5 23. Bf1 $2 {[%mdl 64] White misses small
combination of his lady opponent in the very moment, when he had the chance to
get serious advantage.} (23. Qxb5 cxb5 (23... axb5 24. Nb6 Rf8 25. Bxc6 $18)
24. Bb7 Rf8 25. Nc5 Bc8 26. Bxa6 $16) 23... Bc4 $1 24. Qxc4 (24. Qe1 Bxf1 25.
Bxf6 Bxf6 26. Qxf1 e6 $15) 24... Qxe5 25. c3 (25. Qxa6 Qa1+ 26. Kd2 Rd8+ 27.
Bd3 Ne4+ 28. Ke1 Qe5 $17) 25... Qf5 26. Qc5 (26. Qxa6 Bh6+ 27. f4 gxf3+ 28. Kb2
Rc7 29. Qd3 Qxd3 30. Rxd3 f2 $15) 26... Qf3 27. Bd3 Bh6+ 28. Kc2 Ne4 29. Qe5 $2
{The centralization of the strongest piece is not necessarily always the best
move, much more promising was 29.Qxh5!} (29. Qxh5 $1 Qxf2+ (29... Nxf2 30. Nb2
Nxd1 31. Qxh6 Ne3+ 32. Kc1 Nf5 33. Qg5+ Ng7 34. Qh6 $11) 30. Kb1 Qf3 31. Bc2
Bg7 32. Rd3 Qe2 33. Qa5 Rf8 34. Kb2 $13) 29... Nxf2 (29... Qxf2+ $5 30. Kb1 Qf3
31. Bc2 Nxg3 32. Qxe7 Rf8 $17) 30. Be2 Qg2 (30... Nxd1 31. Bxf3 Ne3+ 32. Kb2
gxf3 33. Qxh5 f2 34. Qxh6 f1=Q (34... Nd1+ 35. Kc2 f1=Q 36. Qg5+ Kf8 37. Qh6+
Ke8 38. Qh8+ Kd7 39. Nb6+ $16) 35. Qxe3 Qg2+ 36. Ka3 $11) 31. Re1 (31. Bf1 Qh2
32. Re1 Nh1+ 33. Kb1 Nxg3 $17) 31... Rd8 32. Qxe7 (32. Bf1 Rd2+ 33. Kb1 Qd5 34.
Qxd5 cxd5 35. Bxa6 Ne4 $19) 32... Rd2+ 33. Kb1 Qd5 34. Ka1 (34. Nb2 Rxb2+ 35.
Kxb2 Qd2+ 36. Ka3 Bf8 $19) (34. Bc4 Rd1+ 35. Kb2 Bc1+ 36. Kc2 Qd2+ 37. Kb1 Ba3+
38. Rxd1 Qxd1#) 34... Ne4 {The FIDE world champion is in real trouble, as
black pieces are clearly dominating the board.} 35. Qe8+ Kg7 36. Nb2 (36. Bxg4
hxg4 37. Qxe4 Rd1+ 38. Kb2 Bc1+ 39. Kc2 (39. Ka1 Be3+ 40. Kb2 Rd2+ 41. Ka3 Qxe4
$19) 39... Qd2+ 40. Kb1 Ba3+ 41. Rxd1 Qxd1#) 36... Rxb2 (36... Nd6 37. Bc4 Nxe8
38. Bxd5 cxd5 39. Rxe8 Rg2 40. Na4 Rxg3 $19) 37. Kxb2 (37. Bc4 $1 Rxa2+ 38.
Kxa2 Qa5+ (38... Nxc3+ 39. Kb2 Qd2+ 40. Ka3 Nb5+ 41. Bxb5 axb5 42. Qe2 Qd6+ 43.
Ka2 Qxg3 $17) 39. Kb2 (39. Kb1 Nxc3+ 40. Kc2 Qa2+ 41. Kxc3 Qd2#) 39... Qxc3+
40. Ka2 Qa5+ 41. Kb2 Qd2+ 42. Ka3 Nd6 43. Qe2 Nxc4+ 44. bxc4 Qc3+ 45. Ka2 Kg8
$17) 37... Qd2+ 38. Ka3 Nf6 $1 (38... Nf6 $1 39. Rd1 Qxd1 40. Bxd1 Nxe8 $19)
0-1